| 000 | 00818nam a2200277Ia 4500 | ||
|---|---|---|---|
| 008 | 180313s9999 xx 000 0 und d | ||
| 020 | _a9789810943486 | ||
| 050 | _bER S644 2009 | ||
| 100 | _aSmith, Craig | ||
| 245 | 4 | _aThe wonky donkey / | |
| 245 | _cwords and music by Craig Smith ; illustrations by Katz Cowley. | ||
| 260 | _aNew York, New York : | ||
| 260 | _bScholastic Inc., | ||
| 260 | _c2009 | ||
| 300 | _aunpaged : | ||
| 300 | _bcolored illustrations ; | ||
| 300 | _c25cm. | ||
| 300 | _e + includes audio CD of sidesplitting song | ||
| 650 | _aChildren's songs, English. | ||
| 650 | _aDonkeys -- | ||
| 650 | _aImagination -- | ||
| 650 | _xSongs and music -- Juvenile literature. | ||
| 650 | _xSongs and music -- Juvenile literature. | ||
| 700 | _aCowley, Katz. | ||
| 700 | _aTitle. | ||
| 999 |
_c356277 _d356277 |
||